000 00628nam a22001937a 4500
005 20251108173405.0
008 250721s1988 xx 000 0 ara d
082 1 4 _a211.921461/محا
100 1 _aالمحامي، محمد كامل حسن
245 1 0 _aمحبة الله في القرآن الكريم /
264 1 _aبيروت :
_bمنشورات المكتب العالمي للطباعة والنشر،
_c1988.
300 _a156 ص.
490 0 _aالموسوعة القرآنية
650 1 7 _aالإيمان
650 1 7 _aالقرآن الكريم
650 1 7 _aالله
942 _2ddc
_cBK
999 _c102771
_d102771